[Event "ROM-chT (Women)"]
[Site "Mamaia"]
[Date "2015.10.03"]
[Round "1.4"]
[White "Apostoae, Lacramioara Liliana"]
[Black "Stanciu, Ioana Georgiana"]
[Result "1-0"]
[WhiteElo "2157"]
[BlackElo "2038"]
[PlyCount "95"]
[EventDate "2015.10.03"]
[EventType "team-tourn"]
[EventRounds "9"]
[EventCountry "ROU"]
[SourceTitle "CBM 168 Extra"]
[Source "ChessBase"]
[SourceDate "2015.10.29"]
[SourceVersion "1"]
[SourceVersionDate "2015.10.29"]
[SourceQuality "1"]
[WhiteTeam "Galati Smart (W)"]
[BlackTeam "Lugoj CSM (W)"]
[WhiteTeamCountry "ROU"]
[BlackTeamCountry "ROU"]

1. Nf3 Nf6 2. g3 g6 3. Bg2 Bg7 4. c4 0-0 5. 0-0 d6 6. d4 Nc6 7. Nc3 Rb8 8. h3 a6 9. Bg5 h6 10. Be3 Bd7 11. Qd2 Kh7 12. Rac1 b5 13. d5 Na5 14. Nxb5 Nxc4 15. Rxc4 axb5 16. Rh4 h5 17. Rc1 e6 18. Ng5+ Kg8 19. dxe6 Bxe6 20. Nxe6 fxe6 21. Qc2 Kh7 22. Qxc7 Nd5 23. Bxd5 exd5 24. Bd4 Rg8 25. Qf7 Qe8 26. Rc7 Qxf7 27. Rxf7 Rbe8 28. e3 Rc8 29. Rhf4 Kh6 30. Rb7 Bxd4 31. Rxd4 Rc5 32. Rf4 Rg7 33. Rb8 Rgc7 34. Rf6 Kg7 35. Rxd6 Rc1+ 36. Kg2 R1c2 37. Rbb6 Rxb2 38. Rxg6+ Kf7 39. Rgf6+ Ke7 40. Rh6 Kf8 41. Rxh5 Rf7 42. Rb8+ Kg7 43. Rg5+ Kh7 44. h4 Rfxf2+ 45. Kh3 Rh2+ 46. Kg4 Rb4+ 47. Kh5 Rxa2 48. Rb6 1-0

[Event "ROM-chT"]
[Site "Baile Tusnad"]
[Date "2005.05.25"]
[Round "5"]
[White "Apostoae, Lacramioara Liliana"]
[Black "Zhukova, Natalia"]
[Result "0-1"]
[WhiteElo "2182"]
[BlackElo "2479"]
[PlyCount "76"]
[EventDate "2005.05.21"]
[EventType "team"]
[EventRounds "9"]
[EventCountry "ROU"]
[SourceTitle "CBM 106 Extra"]
[Source "ChessBase"]
[SourceDate "2005.07.01"]
[SourceVersion "1"]
[SourceVersionDate "2005.07.01"]
[SourceQuality "1"]

1. Nf3 d5 2. g3 c5 3. Bg2 Nc6 4. d4 e6 5. 0-0 Qb6 6. dxc5 Bxc5 7. Nc3 Bb4 8. Bd2 Nf6 9. Na4 Qb5 10. b3 Ne4 11. Bxb4 Qxb4 12. Nb2 Qc3 13. Na4 Qb4 14. a3 Qe7 15. Nd4 Nxd4 16. Qxd4 Nf6 17. c4 e5 18. Qc5 dxc4 19. Qxc4 0-0 20. Qc5 Qe6 21. Qc2 e4 22. Nc3 Qc6 23. Rac1 Bf5 24. Rfd1 Rfd8 25. Qb2 h5 26. Rxd8+ Rxd8 27. Nxe4 Nxe4 28. Rxc6 Rd1+ 29. Bf1 bxc6 30. g4 Bxg4 31. Qc2 Re1 32. Qxe4 Bh3 33. Qg2 Bxg2 34. Kxg2 Rb1 35. e3 Rxb3 36. a4 Ra3 37. Be2 Rxa4 38. Bxh5 a5 0-1

[Event "Bucharest Revolution Memorial"]
[Site "Bucharest"]
[Date "2002.12.??"]
[Round "?"]
[White "Apostoae, Lacramioara Liliana"]
[Black "Moldovan, Daniel"]
[Result "0-1"]
[WhiteElo "2190"]
[BlackElo "2459"]
[PlyCount "64"]
[EventDate "2002.12.??"]
[EventType "swiss"]
[EventRounds "7"]
[EventCountry "ROU"]
[SourceTitle "EXT 2008"]
[Source "ChessBase"]
[SourceDate "2007.11.25"]
[SourceVersion "1"]
[SourceVersionDate "2007.11.25"]
[SourceQuality "1"]

1. Nf3 g6 2. g3 Bg7 3. Bg2 Nf6 4. 0-0 0-0 5. c4 d6 6. d4 Nbd7 7. Nc3 e5 8. dxe5 dxe5 9. Bg5 h6 10. Bxf6 Qxf6 11. Nd2 Qd8 12. Qc2 c6 13. Rad1 f5 14. b4 Qe7 15. c5 e4 16. Nc4 Ne5 17. Nd6 Be6 18. Na4 Rad8 19. Nb2 Bxa2 20. Ra1 Qe6 21. Nxb7 Rb8 22. Na5 Rxb4 23. Na4 Bb3 24. Nxb3 Qxb3 25. Qxb3+ Rxb3 26. Ra2 Rd8 27. Rc1 Rd4 28. Bf1 g5 29. Kg2 f4 30. e3 fxe3 31. fxe3 Rxe3 32. Nc3 Nd3 0-1

[Event "ROM-ch (Women)"]
[Site "Curtea de Arges"]
[Date "2002.11.26"]
[Round "1.2"]
[White "Apostoae, Lacramioara Liliana"]
[Black "Marin, Irina Luiza"]
[Result "1/2-1/2"]
[WhiteElo "2190"]
[BlackElo "2261"]
[PlyCount "43"]
[EventDate "2002.12.07"]
[EventType "k.o."]
[EventRounds "4"]
[EventCountry "ROU"]
[SourceTitle "CBM 091 Extra"]
[Source "ChessBase"]
[SourceDate "2003.01.09"]
[SourceVersion "1"]
[SourceVersionDate "2003.01.09"]
[SourceQuality "1"]

1. Nf3 d6 2. d3 e5 3. e4 Nf6 4. Nc3 c5 5. h3 Nc6 6. Bg5 Be7 7. Be2 Be6 8. Qd2 d5 9. Bxf6 Bxf6 10. exd5 Bxd5 11. Nxd5 Qxd5 12. 0-0 0-0 13. Rfe1 Rad8 14. Bf1 Rfe8 15. Qe3 Nb4 16. Re2 Qc6 17. Qe4 Nd5 18. g3 g6 19. Rae1 Qb6 20. Bg2 Bg7 21. Qc4 Qd6 22. Ng5 1/2-1/2

[Event "ROM-ch (Women)"]
[Site "Targoviste"]
[Date "2001.12.04"]
[Round "10"]
[White "Apostoae, Lacramioara Liliana"]
[Black "Kovacs, Ondina"]
[Result "1-0"]
[WhiteElo "2167"]
[BlackElo "2116"]
[PlyCount "65"]
[EventDate "2001.11.23"]
[EventType "tourn"]
[EventRounds "11"]
[EventCountry "ROU"]
[SourceTitle "CBM 085 Extra"]
[Source "ChessBase"]
[SourceDate "2002.01.21"]
[SourceVersion "1"]
[SourceVersionDate "2002.01.21"]
[SourceQuality "1"]

1. e4 c5 2. Nf3 d6 3. d4 cxd4 4. Nxd4 Nf6 5. Nc3 g6 6. f3 Bg7 7. Be3 Nc6 8. Qd2 0-0 9. 0-0-0 d5 10. Nb3 dxe4 11. Qe1 Qc7 12. fxe4 a5 13. Nd4 Nxd4 14. Bxd4 e5 15. Nb5 Qe7 16. Bb6 Be6 17. Kb1 Bxa2+ 18. Ka1 Be6 19. Bc7 Ne8 20. Bb6 f5 21. Bd3 f4 22. Qf2 Rc8 23. Na7 Ra8 24. Bc5 Nd6 25. Nb5 Rfd8 26. Bf1 Ra6 27. Nxd6 Raxd6 28. Rxd6 Rxd6 29. Bxd6 Qxd6 30. Bb5 Qb4 31. Qb6 Bc4 32. Bxc4+ Qxc4 33. Rd1 1-0

[Event "Miercurea Ciuc Banc Post op"]
[Site "Miercurea Ciuc"]
[Date "2001.09.29"]
[Round "8"]
[White "Tuchila, Vasile"]
[Black "Apostoae, Lacramioara Liliana"]
[Result "1-0"]
[WhiteElo "2057"]
[BlackElo "2175"]
[PlyCount "71"]
[EventDate "2001.09.22"]
[EventType "swiss"]
[EventRounds "11"]
[EventCountry "ROU"]
[SourceTitle "EXT 2012"]
[Source "ChessBase"]
[SourceDate "2011.11.24"]
[SourceVersion "1"]
[SourceVersionDate "2011.11.24"]
[SourceQuality "1"]

1. e4 c5 2. Nf3 e6 3. c4 Nc6 4. Nc3 d6 5. d4 cxd4 6. Nxd4 Nf6 7. Be2 Be7 8. Be3 0-0 9. Qd2 e5 10. Nf5 Bxf5 11. exf5 Qd7 12. g4 Rfd8 13. 0-0-0 Rac8 14. Kb1 Nb4 15. f3 b6 16. h4 Ne8 17. a3 Na6 18. h5 Nac7 19. h6 g6 20. fxg6 fxg6 21. f4 exf4 22. Bxf4 Ne6 23. Be3 Bf6 24. Nd5 Be5 25. Bg5 Nxg5 26. Qxg5 Rc5 27. Rhf1 Rxd5 28. cxd5 Rc8 29. Bd3 Qd8 30. Qe3 Qh4 31. g5 Qg3 32. Rf3 Qg2 33. Rd2 Qg4 34. Rdf2 Nc7 35. Qc1 Na8 36. Qf1 1-0

[Event "Bucharest Astral op"]
[Site "Bucharest"]
[Date "2001.04.25"]
[Round "5"]
[White "Colin, Vincent"]
[Black "Apostoae, Lacramioara Liliana"]
[Result "1-0"]
[WhiteElo "2301"]
[BlackElo "2173"]
[PlyCount "67"]
[EventDate "2001.04.22"]
[EventType "swiss"]
[EventRounds "9"]
[EventCountry "ROU"]
[SourceTitle "CBM 082 Extra"]
[Source "ChessBase"]
[SourceDate "2001.07.03"]
[SourceVersion "1"]
[SourceVersionDate "2001.07.03"]
[SourceQuality "1"]

1. d4 Nf6 2. c4 e6 3. Nc3 Bb4 4. e3 0-0 5. Bd3 c5 6. Nge2 Nc6 7. 0-0 d5 8. a3 cxd4 9. exd4 dxc4 10. Bxc4 Be7 11. Qd3 b6 12. Bg5 Bb7 13. Rad1 Qc8 14. Ba2 Rd8 15. Qg3 Ba6 16. Bh6 Bf8 17. Qh4 Ne7 18. Bg5 Ng6 19. Qh3 Be7 20. Rfe1 h6 21. Nf4 Nxf4 22. Bxf4 Qb7 23. Re3 h5 24. Be5 Ng4 25. Qxh5 Nxe3 26. fxe3 Bd6 27. Bxd6 Rxd6 28. Bb1 f5 29. e4 Rf8 30. exf5 exf5 31. Ba2+ Rf7 32. Re1 Rd8 33. Qxf5 Kf8 34. Qh7 1-0

[Event "Bucharest Spring (Women)"]
[Site "Bucharest"]
[Date "2001.04.10"]
[Round "5"]
[White "Osman, Mihai"]
[Black "Apostoae, Lacramioara Liliana"]
[Result "0-1"]
[WhiteElo "2180"]
[BlackElo "2180"]
[PlyCount "134"]
[EventDate "2001.04.06"]
[EventType "tourn"]
[EventRounds "9"]
[EventCountry "ROU"]
[SourceTitle "CBM 081 Extra"]
[Source "ChessBase"]
[SourceDate "2001.05.06"]
[SourceVersion "1"]
[SourceVersionDate "2001.05.06"]
[SourceQuality "1"]

1. d4 g6 2. e4 Bg7 3. c3 d6 4. f4 e5 5. dxe5 dxe5 6. Qxd8+ Kxd8 7. fxe5 Nc6 8. Bg5+ Nge7 9. Nf3 Nxe5 10. Nxe5 Bxe5 11. Na3 h6 12. 0-0-0+ Ke8 13. Nc4 hxg5 14. Nxe5 Be6 15. Bb5+ c6 16. Bc4 Bxc4 17. Nxc4 b5 18. Nd6+ Kf8 19. Rhf1 Rh7 20. Rd2 Nc8 21. h3 Ke7 22. Rfd1 Rh4 23. Nxc8+ Rxc8 24. Rd7+ Ke8 25. Rxa7 Rxe4 26. Rdd7 Rf4 27. Kd2 Kf8 28. Re7 Rd8+ 29. Ke2 Rd6 30. g3 Rf5 31. b3 Rdf6 32. a4 Rf2+ 33. Kd3 Rg2 34. Re3 Rd6+ 35. Ke4 Re6+ 36. Kf3 Rxg3+ 37. Kxg3 Rxe3+ 38. Kg4 Rxc3 39. Kxg5 Rxb3 40. a5 Kg7 41. a6 Ra3 42. h4 b4 43. Rb7 Rxa6 44. Rxb4 Ra5+ 45. Kg4 Rb5 46. Ra4 c5 47. Ra7 Rb1 48. Rc7 Rc1 49. h5 gxh5+ 50. Kxh5 c4 51. Kg4 c3 52. Kf3 c2 53. Kg2 Kf6 54. Rc6+ Ke5 55. Rc5+ Kd4 56. Rc8 f5 57. Rd8+ Ke5 58. Re8+ Kd6 59. Rc8 f4 60. Rd8+ Kc7 61. Rd4 f3+ 62. Kf2 Rf1+ 63. Kg3 c1Q 64. Kg4 Rg1+ 65. Kf5 Qg5+ 66. Ke4 Rg4+ 67. Kxf3 Rxd4 0-1

[Event "ROM-chT"]
[Site "Sovata"]
[Date "2001.03.24"]
[Round "4"]
[White "Apostoae, Lacramioara Liliana"]
[Black "Vasiesiu, Cristina"]
[Result "1-0"]
[WhiteElo "2180"]
[BlackElo "2247"]
[PlyCount "45"]
[EventDate "2001.03.21"]
[EventType "team"]
[EventRounds "5"]
[EventCountry "ROU"]
[SourceTitle "EXT 2003"]
[Source "ChessBase"]
[SourceDate "2002.11.25"]
[SourceVersion "1"]
[SourceVersionDate "2002.11.25"]
[SourceQuality "1"]

1. e4 d5 2. exd5 Qxd5 3. Nc3 Qa5 4. d4 Nf6 5. Nf3 Nc6 6. Bb5 Bd7 7. Bd2 Qb4 8. Bd3 Qd6 9. Nb5 Qe6+ 10. Be3 0-0-0 11. Ng5 Qd5 12. 0-0 Be8 13. c4 Qd7 14. d5 Ne5 15. Nxa7+ Kb8 16. Nb5 c6 17. Bf4 cxb5 18. Bxe5+ Ka7 19. cxb5 Qxd5 20. Qa4+ Kb6 21. b4 Bxb5 22. Qa5+ Kc6 23. Qc7# 1-0

[Event "ROM-chT"]
[Site "Sovata"]
[Date "2001.03.21"]
[Round "1"]
[White "Apostoae, Lacramioara Liliana"]
[Black "Ionescu, Irina"]
[Result "0-1"]
[WhiteElo "2180"]
[BlackElo "2330"]
[PlyCount "94"]
[EventDate "2001.03.21"]
[EventType "team"]
[EventRounds "5"]
[EventCountry "ROU"]
[SourceTitle "EXT 2003"]
[Source "ChessBase"]
[SourceDate "2002.11.25"]
[SourceVersion "1"]
[SourceVersionDate "2002.11.25"]
[SourceQuality "1"]

1. Nf3 d5 2. g3 c6 3. Bg2 Bg4 4. d3 Nd7 5. Nbd2 Ngf6 6. 0-0 e5 7. e4 dxe4 8. dxe4 Bc5 9. h3 Bh5 10. a4 0-0 11. Qe1 Qc7 12. b3 Rfd8 13. Bb2 Bb4 14. c3 Bf8 15. b4 Ne8 16. Nc4 f6 17. a5 Bf7 18. Ne3 b6 19. axb6 Nxb6 20. Qe2 Be6 21. Rfd1 Rxd1+ 22. Rxd1 a5 23. bxa5 Rxa5 24. Ra1 Qa7 25. Qd1 Rxa1 26. Qxa1 Qxa1+ 27. Bxa1 Kf7 28. Nd2 Bc5 29. Nc2 Ke7 30. Bf1 Kd7 31. Kg2 Nd6 32. Nb4 Nbc4 33. Nxc4 Nxc4 34. Bxc4 Bxc4 35. Bb2 Kc7 36. Kf3 Kb6 37. Nc2 Bd3 38. Ne1 Bb1 39. Bc1 Kb5 40. Bd2 Kc4 41. Ng2 Kd3 42. Be1 Bc2 43. Ne3 Bxe3 44. fxe3 Bd1+ 45. Kf2 c5 46. Kf1 c4 47. Kf2 h5 0-1

[Event "ROM-ch sf (Women)"]
[Site "Sovata"]
[Date "2001.03.11"]
[Round "2"]
[White "Apostoae, Lacramioara Liliana"]
[Black "Manicuta, Monica"]
[Result "1-0"]
[WhiteElo "2180"]
[BlackElo "2135"]
[PlyCount "83"]
[EventDate "2001.03.10"]
[EventType "swiss"]
[EventRounds "9"]
[EventCountry "ROU"]
[SourceTitle "EXT 2008"]
[Source "ChessBase"]
[SourceDate "2007.11.25"]
[SourceVersion "1"]
[SourceVersionDate "2007.11.25"]
[SourceQuality "1"]

1. Nf3 Nf6 2. g3 g6 3. Bg2 Bg7 4. c4 0-0 5. 0-0 d6 6. d4 Nbd7 7. Nc3 e5 8. dxe5 dxe5 9. Qc2 c6 10. Rd1 Qe7 11. h3 h6 12. e4 Ne8 13. b3 Nc7 14. a4 Na6 15. a5 Nb4 16. Qd2 b6 17. axb6 Nxb6 18. Ba3 a5 19. Ne1 Be6 20. Qe3 Qc7 21. Na2 c5 22. Nc3 a4 23. Nb5 Qb7 24. Qxc5 Na6 25. Qe3 axb3 26. Nd6 Qc6 27. Qc3 Rfb8 28. Qd3 Rd8 29. Qc2 Nc5 30. Bxc5 Qxc5 31. Nb7 Rxd1 32. Rxa8+ Nxa8 33. Nxc5 Rxe1+ 34. Kh2 Nb6 35. Qd2 Rb1 36. Qd8+ Kh7 37. Nxe6 fxe6 38. c5 Na4 39. Qa5 Nxc5 40. Qxc5 Rb2 41. Bf3 h5 42. Kg2 1-0

[Event "ROM-ch (Women)"]
[Site "Baile Tusnad"]
[Date "2001.02.15"]
[Round "8"]
[White "Marin, Irina Luiza"]
[Black "Apostoae, Lacramioara Liliana"]
[Result "0-1"]
[WhiteElo "2261"]
[BlackElo "2180"]
[PlyCount "88"]
[EventDate "2001.02.05"]
[EventType "tourn"]
[EventRounds "13"]
[EventCountry "ROU"]
[SourceTitle "CBM 080 Extra"]
[Source "ChessBase"]
[SourceDate "2001.03.08"]
[SourceVersion "1"]
[SourceVersionDate "2001.03.08"]
[SourceQuality "1"]

1. Nf3 Nf6 2. g3 d5 3. Bg2 e6 4. c4 c5 5. 0-0 Be7 6. b3 0-0 7. Bb2 Nc6 8. e3 dxc4 9. bxc4 Qd3 10. Na3 e5 11. Qb3 Qf5 12. Nb5 e4 13. Nh4 Qd7 14. f3 a6 15. Na3 Ne8 16. fxe4 Bxh4 17. gxh4 Qxd2 18. Rf2 Qd8 19. Rf4 Be6 20. Rd1 Qc7 21. Qc3 f6 22. h5 Ne5 23. Qe1 Rf7 24. Qg3 Rd8 25. Rxd8 Qxd8 26. Bxe5 fxe5 27. Rxf7 Bxf7 28. Qxe5 Qa5 29. Nc2 Qd2 30. Qb2 Bxh5 31. Qb1 Bd1 32. e5 Bxc2 33. Qf1 Qd1 34. Bd5+ Kh8 35. Qxd1 Bxd1 36. Bxb7 a5 37. Bc6 Bh5 38. Kf2 Kg8 39. Kg3 Kf7 40. Kf4 Ke7 41. Be4 Nc7 42. Bd3 Ne6+ 43. Kg3 h6 44. h4 Nf8 0-1

[Event "ROM-ch (Women)"]
[Site "Baile Tusnad"]
[Date "2001.02.08"]
[Round "2"]
[White "Foisor, Cristina Adela B"]
[Black "Apostoae, Lacramioara Liliana"]
[Result "1/2-1/2"]
[WhiteElo "2418"]
[BlackElo "2180"]
[PlyCount "107"]
[EventDate "2001.02.05"]
[EventType "tourn"]
[EventRounds "13"]
[EventCountry "ROU"]
[SourceTitle "CBM 080 Extra"]
[Source "ChessBase"]
[SourceDate "2001.03.08"]
[SourceVersion "1"]
[SourceVersionDate "2001.03.08"]
[SourceQuality "1"]

1. Nf3 Nf6 2. g3 c5 3. Bg2 e6 4. 0-0 Be7 5. c4 d5 6. cxd5 exd5 7. d4 Nc6 8. Nc3 0-0 9. dxc5 Bxc5 10. Na4 Be7 11. Be3 Re8 12. Rc1 Bg4 13. Bc5 Ne4 14. Bxe7 Qxe7 15. h3 Bh5 16. Qxd5 Nf6 17. Qb3 Bxf3 18. Bxf3 Nd4 19. Qxb7 Nxe2+ 20. Kg2 Qxb7 21. Bxb7 Nxc1 22. Bxa8 Nxa2 23. Bf3 Nb4 24. Rd1 Kf8 25. g4 h6 26. Nc5 Nc2 27. Kg3 Rb8 28. Bb7 Ke7 29. Kf4 Rd8 30. Rxd8 Kxd8 31. h4 Nb4 32. g5 hxg5+ 33. hxg5 Ne8 34. Ke5 Ke7 35. Kd4 Kd6 36. Ne4+ Kc7 37. Bd5 Nxd5 38. Kxd5 Kd7 39. f4 Nc7+ 40. Ke5 Ne6 41. b3 Ke7 42. b4 Kd7 43. Nc3 Nd8 44. b5 Ne6 45. Nd5 Nc5 46. Nb4 Kc7 47. Nd5+ Kd7 48. f5 Nd3+ 49. Kd4 Kd6 50. b6 axb6 51. Nxb6 Nf2 52. Nc4+ Ke7 53. Ne5 Nh3 54. f6+ 1/2-1/2

[Event "ROM-ch (Women)"]
[Site "Baile Tusnad"]
[Date "2001.02.07"]
[Round "1"]
[White "Apostoae, Lacramioara Liliana"]
[Black "Trofim, Georgiana"]
[Result "1/2-1/2"]
[WhiteElo "2180"]
[BlackElo "2102"]
[PlyCount "99"]
[EventDate "2001.02.05"]
[EventType "tourn"]
[EventRounds "13"]
[EventCountry "ROU"]
[SourceTitle "CBM 080 Extra"]
[Source "ChessBase"]
[SourceDate "2001.03.08"]
[SourceVersion "1"]
[SourceVersionDate "2001.03.08"]
[SourceQuality "1"]

1. Nf3 c5 2. c4 Nf6 3. g3 g6 4. Bg2 Bg7 5. 0-0 0-0 6. d4 cxd4 7. Nxd4 d6 8. Nc3 Qc7 9. b3 Nc6 10. Bb2 Nxd4 11. Qxd4 Bf5 12. Qd2 Qd7 13. Rfd1 Rac8 14. Rac1 b6 15. Ba1 Rc5 16. Qe1 Bh6 17. e3 Bh3 18. Bh1 Rh5 19. f3 Qe6 20. f4 Ng4 21. Bf3 Bg7 22. Rd2 Rh6 23. Nd5 Nf6 24. Nxf6+ Bxf6 25. Bd5 Qf5 26. e4 Qh5 27. Bxf6 exf6 28. Qf2 Bd7 29. Rc3 Re8 30. Rcd3 Qg4 31. Bb7 Rb8 32. Bd5 Re8 33. b4 Be6 34. Re3 Rh5 35. Bc6 Rc8 36. Rxd6 Bxc4 37. Qd2 Qh3 38. Re1 Be6 39. b5 Rc5 40. Rc1 Rxc1+ 41. Qxc1 Bxa2 42. Qa1 Be6 43. Qxa7 Bc4 44. Qa1 Bxb5 45. Qc1 Kg7 46. Rxf6 Kxf6 47. Qb2+ Ke7 48. Qb4+ Kf6 49. Qd4+ Ke7 50. Qb4+ 1/2-1/2

[Event "ROM-chT"]
[Site "Eforie Nord"]
[Date "2000.12.19"]
[Round "2"]
[White "Mosnegutu, Mariana"]
[Black "Apostoae, Lacramioara Liliana"]
[Result "1/2-1/2"]
[WhiteElo "2232"]
[BlackElo "2175"]
[PlyCount "139"]
[EventDate "2000.12.18"]
[EventType "team"]
[EventRounds "5"]
[EventCountry "ROU"]
[SourceTitle "CBM 081"]
[Source "ChessBase"]
[SourceDate "2001.03.20"]
[SourceVersion "1"]
[SourceVersionDate "2001.03.20"]
[SourceQuality "1"]
[WhiteTeam "Bucharest Electrica"]
[BlackTeam "Brasov Dinamo"]
[WhiteTeamCountry "ROU"]
[BlackTeamCountry "ROU"]

1. e4 c5 2. g3 e6 3. Bg2 Nc6 4. d3 g6 5. f4 Bg7 6. Nf3 Nge7 7. 0-0 0-0 8. c3 d5 9. e5 Qc7 10. Na3 a6 11. Be3 b6 12. Nc2 Bb7 13. Bf2 Rac8 14. Qe2 Rfd8 15. g4 a5 16. Rad1 Ba6 17. Kh1 a4 18. Bh4 Re8 19. Qf2 h6 20. Bf6 Nb8 21. Qh4 Nec6 22. f5 Bf8 23. fxg6 fxg6 24. g5 h5 25. Rfe1 b5 26. Ne3 Bg7 27. Nf1 Nd7 28. Qf4 Nf8 29. Ng3 Rb8 30. Nh4 Qd7 31. Qf2 Rbc8 32. Rd2 Bb7 33. Qf3 b4 34. d4 cxd4 35. cxd4 Na5 36. Qd3 Qf7 37. Rf2 Rc4 38. b3 axb3 39. axb3 Rc3 40. Qb5 Nc6 41. Ref1 Rb8 42. Ne2 Re3 43. Bd8 Qd7 44. Rf7 Qxd8 45. Rxb7 Rxb7 46. Qxb7 Qxg5 47. Nf3 Qe7 48. Qxc6 Rxe2 49. Ng1 Rd2 50. Nf3 Rd3 51. Qc2 Rc3 52. Qb1 Qa7 53. Ng5 Rc8 54. Nxe6 Nxe6 55. Qxg6 Qd7 56. Bh3 Rc6 57. Qxh5 Qe7 58. Bf5 Nf8 59. Qf3 Qd8 60. Rg1 Rh6 61. Qg2 Qc7 62. Qxd5+ Kh8 63. Qg2 Qf7 64. Qg4 Ne6 65. Bd3 Qf2 66. Rg2 Qxd4 67. Bc4 Qxg4 68. Rxg4 Nc5 69. e6 Nxe6 70. Bxe6 1/2-1/2

[Event "ROM-chT"]
[Site "Eforie Nord"]
[Date "2000.12.18"]
[Round "1"]
[White "Apostoae, Lacramioara Liliana"]
[Black "Hamdouchi, Adina Maria"]
[Result "1-0"]
[WhiteElo "2175"]
[BlackElo "2271"]
[PlyCount "101"]
[EventDate "2000.12.18"]
[EventType "team"]
[EventRounds "5"]
[EventCountry "ROU"]
[SourceTitle "CBM 081"]
[Source "ChessBase"]
[SourceDate "2001.03.20"]
[SourceVersion "1"]
[SourceVersionDate "2001.03.20"]
[SourceQuality "1"]
[WhiteTeam "Brasov Dinamo"]
[BlackTeam "Bucharest RGA"]
[WhiteTeamCountry "ROU"]
[BlackTeamCountry "ROU"]

1. e4 d6 2. d4 Nf6 3. Nc3 g6 4. g3 Bg7 5. Bg2 0-0 6. Nge2 e5 7. h3 Nc6 8. Be3 exd4 9. Nxd4 Bd7 10. 0-0 Re8 11. Qd2 a6 12. Rad1 Rb8 13. Rfe1 Ne5 14. Qe2 b5 15. f4 Nc4 16. Bc1 c5 17. Nb3 Qb6 18. Kh2 a5 19. Nd2 Be6 20. Nf3 b4 21. Na4 Qb5 22. b3 d5 23. Ng5 Bd7 24. e5 h6 25. Nf3 Bc6 26. Qf1 Nd7 27. Nh4 Ncb6 28. Qxb5 Bxb5 29. Nxb6 Nxb6 30. Bxd5 Nxd5 31. Rxd5 Bf8 32. Ng2 Bc6 33. Rdd1 a4 34. Ne3 axb3 35. axb3 Be4 36. Rd2 Ra8 37. Ng4 Bg7 38. Rxe4 f5 39. Rc4 fxg4 40. Rxc5 Ra1 41. Bb2 Ra2 42. Bd4 gxh3 43. Rc4 g5 44. Kxh3 Bf8 45. Be3 Ra1 46. Rd7 Re1 47. Bd2 Re2 48. Bxb4 Bxb4 49. Rxb4 Rxc2 50. Rb6 Rc3 51. Kg4 1-0

[Event "ROM-ch U20 Girls"]
[Site "Baile Tusnad"]
[Date "2000.05.09"]
[Round "7"]
[White "Bogza, Oana"]
[Black "Apostoae, Lacramioara Liliana"]
[Result "1/2-1/2"]
[WhiteElo "2104"]
[BlackElo "2086"]
[PlyCount "40"]
[EventDate "2000.05.??"]
[EventType "swiss"]
[EventRounds "9"]
[EventCountry "ROU"]
[SourceTitle "EXT 2004"]
[Source "ChessBase"]
[SourceDate "2003.11.25"]
[SourceVersion "1"]
[SourceVersionDate "2003.11.25"]
[SourceQuality "1"]

1. Nf3 c5 2. g3 g6 3. Bg2 Bg7 4. 0-0 Nc6 5. d3 e6 6. Nbd2 Nge7 7. e4 0-0 8. c3 d5 9. Re1 d4 10. cxd4 cxd4 11. a3 e5 12. b4 a6 13. Bb2 h6 14. Rc1 Be6 15. Nb3 b6 16. Nfd2 Qd7 17. Nc4 Rab8 18. Qe2 f6 19. Rc2 Rfc8 20. Rec1 Na7 1/2-1/2

[Event "ROM-ch U20 Girls"]
[Site "Baile Tusnad"]
[Date "2000.05.08"]
[Round "6"]
[White "Apostoae, Lacramioara Liliana"]
[Black "Ionica, Iulia Ionela"]
[Result "1-0"]
[WhiteElo "2086"]
[BlackElo "2196"]
[PlyCount "59"]
[EventDate "2000.05.??"]
[EventType "swiss"]
[EventRounds "9"]
[EventCountry "ROU"]
[SourceTitle "EXT 2004"]
[Source "ChessBase"]
[SourceDate "2003.11.25"]
[SourceVersion "1"]
[SourceVersionDate "2003.11.25"]
[SourceQuality "1"]

1. Nf3 Nf6 2. c4 g6 3. Nc3 Bg7 4. e4 d6 5. d4 0-0 6. Be3 e5 7. dxe5 dxe5 8. Qxd8 Rxd8 9. Nd5 Nxd5 10. cxd5 c6 11. Bc4 h6 12. 0-0 b6 13. Rfc1 Bb7 14. Bb3 Kf8 15. a4 c5 16. Nd2 Na6 17. Nc4 Nb4 18. a5 Nd3 19. Rd1 Nf4 20. axb6 axb6 21. Nxb6 Ne2+ 22. Kf1 Nd4 23. Bxd4 exd4 24. Nxa8 Bxa8 25. Ra7 Rb8 26. Rd3 Be5 27. Bc4 Rxb2 28. Rxa8+ Kg7 29. Rc8 Bd6 30. Rc6 1-0